[Event "HUN-ch Rapid 2020"]
[Site "Ajka"]
[Date "2020.07.19"]
[Round "13.20"]
[White "Papp, Petra"]
[Black "Horvath, Kalman"]
[Result "1-0"]
[WhiteElo "2338"]
[BlackElo "2095"]
[Annotator "TA"]
[PlyCount "195"]
[EventDate "2020.07.17"]
[EventType "rapid"]
[EventCountry "HUN"]
[SourceTitle "playchess.com"]
[Source "ChessBase"]
[SourceQuality "1"]

{[%evp 12,194,30,38,57,54,86,31,41,33,37,14,46,34,49,53,71,86,84,100,223,223,233,227,229,220,218,220,227,115,120,124,118,120,91,87,82,87,89,80,83,61,69,67,106,107,107,100,100,96,94,94,102,69,141,127,123,116,176,176,168,167,212,212,212,147,196,164,332,332,443,442,441,441,396,388,518,294,294,294,332,277,795,742,560,8,8,8,8,8,8,8,8,8,8,8,8,8,8,0,8,8,8,8,8,8,8,0,8,8,8,0,8,8,80,75,592,558,5732,4646,5077,38,6091,5704,5322,438,12229,4606,5858,5608,2289,1553,29965,29968,29971,29972,29974,29975,29977,29976,29976,29977,29977,29978,29978,29978,29978,29979,29982,29983,29983,29983,29990,29991,29992,29985,29985,29986,29986,29987,29987,29988,29988,29989,29989,29990,29990,29991,29991,29992,29992,29993,29993,29994,29994,29995,29995,29996,29996,29997,29997,29998,29998,29999,29999]} 1. e4 e5 2. Nf3 Nf6 3. Nxe5 d6 4. Nf3 Nxe4 5. Nc3 Nf6 6. d4 Be7 7. Bd3 Bg4 {C42: Petroff Defence: 3 Nxe5 and unusual White 3rd moves.} 8. h3 Bh5 9. Bf4 ({White should try} 9. g4 $16 Bg6 10. O-O) 9... Nbd7 $14 {White is slightly better.} 10. g4 Bg6 11. Qd2 Nb6 12. O-O-O $36 {[%mdl 2048] Black is under pressure.} Nbd5 13. Bxg6 hxg6 {[#]} 14. g5 $146 ({Predecessor:} 14. Nxd5 Nxd5 15. Kb1 Qd7 16. c4 Nf6 17. d5 O-O 18. Nd4 Rfe8 19. f3 c5 20. Ne2 {1-0 (38) Marin,A (1998)-Ardila,O (2102) Medellin 2015}) 14... Nxc3 15. gxf6 Nxa2+ (15... Nxd1 $16 16. fxe7 Kxe7) 16. Kb1 $18 Bxf6 17. Kxa2 Qd7 18. Rde1+ Kf8 19. h4 Qf5 {[#] Threatens to win with ...Qd5+.} 20. Ng5 (20. Kb1 $18) 20... Qd5+ $16 21. Ka1 Qxd4 22. Qxd4 Bxd4 23. Bg3 Bf6 24. f4 Re8 25. Bf2 a6 26. c3 (26. Ka2 {looks sharper.} b5 27. b4 Rxe1 28. Bxe1 Ke7 29. Kb3) 26... Bxg5 27. fxg5 Rxe1+ 28. Rxe1 $14 {[%mdl 4096] Endgame KRB-KR} f6 29. Ka2 Rh5 30. Rg1 Kf7 31. Kb3 Rh8 32. Kc4 fxg5 ({Better is} 32... Re8 $14) 33. hxg5 Rh2 34. Rf1 Kg8 (34... Ke6 $16 {was worth a try.}) 35. b4 $18 Rg2 36. Be3 Rg4+ 37. Kd3 Rg3 38. Rg1 Rh3 39. Rg4 c5 $2 (39... Kf7 {was called for.} 40. Ke4 Ke6) 40. Re4 ({Don't play} 40. bxc5 dxc5 41. Re4 Kf7 $18) 40... Kf7 41. bxc5 dxc5 42. Kc4 b6 43. Kd5 Rh2 44. Rf4+ Kg8 45. Kc6 Re2 46. Re4 a5 $2 (46... Rc2 47. Kxb6 Rxc3 48. Bxc5 a5) 47. Kxb6 a4 48. Rxa4 $2 (48. Kxc5 $18 a3 49. Kd4) 48... Rxe3 {KR-KR} 49. Rc4 Re6+ 50. Kb5 Kf7 51. Rxc5 Re1 52. c4 Ke6 53. Rd5 Re4 54. Kc5 Rg4 55. Kb5 Rf4 56. Rc5 Rg4 57. Kb6 Kd6 58. Rc6+ Kd7 59. Rc5 Kd6 60. Rd5+ Ke6 61. Kb5 Rf4 62. Rd1 Kf5 (62... Rf5+ $11 {remains equal.} 63. c5 Rxg5 64. Re1+ Kf6) 63. Rg1 $16 {And now c5 would win. White leaves nothing to chance now.} Ke6 $2 {[%mdl 8192]} (63... Rf2 $16 64. c5 Ke6) 64. c5 $18 Kd7 65. Rd1+ Kc7 66. Re1 $2 (66. Rd6 $18 Rf1 67. Rxg6 Rb1+ 68. Kc4) 66... Rf7 $2 {[%mdl 8192]} (66... Rf5 $14) 67. Re6 Rf1 68. Rc6+ (68. Re7+ $142 Kd8 69. Rxg7 Rb1+ 70. Kc6) 68... Kb7 (68... Kd7 $142 69. Rd6+ (69. Rxg6 Rb1+ 70. Kc4 Rc1+ 71. Kd5 Rd1+ 72. Kc4 Rc1+ 73. Kd4 Rd1+ 74. Ke3 Re1+ 75. Kf2 Re7 $18) 69... Kc7 70. Rxg6 Rb1+ 71. Kc4 Rc1+ 72. Kd5 Rd1+ 73. Ke6 Rd7) 69. Rxg6 Rf7 70. Kc4 Kc7 71. Kd5 Rf5+ {[#]} 72. Ke6 $1 {White mates.} Rxc5 73. Rxg7+ Kc6 74. g6 Rc1 75. Re7 Re1+ 76. Kf7 Rf1+ 77. Kg8 Kd6 78. Re2 Ra1 79. g7 Ra8+ 80. Kf7 Ra7+ 81. Kf8 Ra1 82. g8=Q Rf1+ 83. Qf7 Rxf7+ 84. Kxf7 {KR-K} Kd5 85. Kf6 Kd4 86. Kf5 Kd3 87. Re4 Kc3 88. Ke5 Kd3 89. Kd5 Kc3 90. Rd4 Kb3 91. Rc4 Kb2 92. Kd4 Kb3 93. Kd3 Kb2 94. Rb4+ Ka3 95. Kc3 Ka2 96. Rb8 Ka1 97. Kc2 {[%cal Rb8a8]} Ka2 98. Ra8# {Accuracy: White = 78%, Black = 57%.} 1-0

[Event "HUN-ch Rapid 2020"]
[Site "Ajka"]
[Date "2020.07.19"]
[Round "13.21"]
[White "Farago, Sandor"]
[Black "Margl, Roland"]
[Result "0-1"]
[WhiteElo "2218"]
[BlackElo "2288"]
[Annotator "TA"]
[PlyCount "134"]
[EventDate "2020.07.17"]
[EventType "rapid"]
[EventCountry "HUN"]
[SourceTitle "playchess.com"]
[Source "ChessBase"]
[SourceQuality "1"]

{[%evp 9,134,12,8,-12,-18,-11,-9,-40,-26,-64,-64,-58,-59,-67,-62,-58,-63,-104,-47,-62,-50,-79,-38,-77,-54,-51,-31,-43,-17,-17,0,0,0,-30,9,0,13,0,0,0,5,0,0,0,20,-54,37,-41,-52,-133,0,0,-12,-5,0,0,0,-20,-9,-33,0,0,0,0,0,-2,0,0,0,0,0,0,0,0,0,0,79,6,6,6,15,8,8,-108,0,0,0,0,0,0,0,0,0,0,12,9,197,95,343,350,227,0,0,0,0,0,0,0,0,0,0,0,0,0,0,0,0,0,0,-2,-2,-12845,-12846,-12846,-12847,-12847,-12847]} 1. e4 c5 2. Nf3 Nc6 3. Bc4 Nf6 4. d3 d5 5. exd5 Nxd5 {[#]} 6. h3 $146 {B30: Sicilian: 2...Nc6 3 Bb5, lines without ...g6.} ({Predecessor:} 6. Be3 b6 7. Nbd2 Bb7 8. O-O e6 9. d4 cxd4 10. Nxd4 Nxe3 11. Nxc6 Bxc6 12. fxe3 Bc5 13. Qe2 Qg5 14. Rfe1 Qxg2+ {1-0 (14) Maigua,J (1786)-Ngetich,W (1388) Nairobi 2019}) 6... e6 7. O-O Be7 8. Nc3 {The position is equal.} O-O 9. a3 Nxc3 10. bxc3 Bf6 11. Bd2 b6 12. Qe2 Bb7 13. Rfe1 Qc7 (13... Na5 $17 14. Ba2 c4 $1 {[%mdl 512]}) 14. a4 Na5 15. Ba2 Bc6 16. Ng5 h6 17. Ne4 Be7 18. Qg4 Kh7 {Hoping for ...f5.} 19. Bf4 Qd7 20. Be5 {[%csl Ge5][%cal Rg4g7]} Rg8 {...f5 is the strong threat.} 21. Qh5 f6 (21... Raf8 {looks sharper.} 22. Qe2 Qb7 23. f3 Rd8 24. Nd2 Bh4) 22. Bg3 {Black must now prevent Bxe6!} Bd5 23. Bxd5 exd5 24. Nd2 Rae8 25. Qf3 Bd8 26. Nf1 Nc6 27. Bf4 (27. d4 $11) 27... Ne5 (27... f5 $15) 28. Qg3 (28. Bxe5 $1 $14 fxe5 29. c4) 28... Ng6 $15 29. Bd6 ({White should try} 29. Bd2 $15) 29... Re6 (29... f5 $17 30. Rxe8 Rxe8) 30. Rxe6 $11 Qxe6 31. Bc7 (31. a5 {seems wilder.} f5 32. axb6 axb6 33. Bc7 Bh4 34. Qf3) 31... Qc6 32. Bxd8 $1 Rxd8 33. Ne3 Qe6 34. Kf1 Re8 35. Qf3 d4 36. cxd4 cxd4 37. Nf5 Qe5 38. g3 Re6 39. Rb1 Qc5 $1 40. Rb5 Qxc2 (40... Qc3 $6 41. Kg2 $16) 41. Nxd4 Qc1+ $1 ({Avoid the trap} 41... Qxa4 $2 42. Nxe6 Ne7 43. Qb7 $3 $18 {[%mdl 512]}) 42. Kg2 Re5 (42... Re1 $11 {keeps the balance.}) 43. Nf5 ({White should play} 43. Rxe5 $16 Nxe5 44. Qe4+ Kh8 45. Qb7) 43... Rxb5 44. axb5 Qc5 45. d4 Qxb5 46. g4 (46. Qe4 $11) 46... Qd5 (46... a5 $1 $17 {aiming for ...a4.} 47. h4 Qd5 $1 {[%mdl 512]}) 47. Qxd5 {Intending Qf7! and mate.} Nf4+ {[%mdl 64] Double Attack} 48. Kf3 Nxd5 {[%mdl 4096] Endgame KN-KN} 49. Ke4 $1 {[%cal Re4d5]} Nc3+ 50. Kd3 Nd5 51. Kc4 Nc7 52. d5 {next d6 is good for White.} g6 $2 {[#]} (52... Kg8 $11 {and Black is okay.}) 53. Ne7 (53. Nd4 $1 $18) 53... Ne8 $2 (53... b5+ $16 54. Kb4 Kg7) 54. Nc8 $18 f5 55. d6 $2 ({Worse is} 55. Nxa7 fxg4 56. hxg4 h5 $11) (55. gxf5 $18 {And now Kb5 would win.} gxf5 56. Kb5 (56. Nxa7 Nd6+ 57. Kd4 Kg6 $16)) 55... Nxd6+ $1 $11 56. Nxd6 fxg4 57. hxg4 h5 58. gxh5 gxh5 {KN-K3P} 59. Kd5 a5 {[%cal Ba7a5,Ba5a4][%mdl 32]} 60. Ke5 {Strongly threatening Kf5.} a4 61. Nb5 {Threatens to win with Kf5.} Kg6 62. f4 h4 63. f5+ Kf7 64. Nd6+ Kf8 65. Nb5 $2 {[%mdl 8192]} (65. Kd4 $11) 65... h3 $19 {Black is clearly winning.} 66. Nc7 h2 67. Ne6+ Kg8 {Quite a comeback for Black. Accuracy: White = 64%, Black = 74%.} 0-1

[Event "HUN-ch Rapid 2020"]
[Site "Ajka"]
[Date "2020.07.19"]
[Round "13.22"]
[White "Terbe, Zsuzsanna"]
[Black "Kozma, Karoly"]
[Result "0-1"]
[WhiteElo "2192"]
[BlackElo "2197"]
[Annotator "TA"]
[PlyCount "92"]
[EventDate "2020.07.17"]
[EventType "rapid"]
[EventCountry "HUN"]
[SourceTitle "playchess.com"]
[Source "ChessBase"]
[SourceQuality "1"]

{[%evp 17,92,43,48,35,49,22,29,0,0,0,2,0,10,4,20,16,59,27,27,33,39,30,29,55,31,6,29,11,17,15,16,0,5,0,24,0,6,0,8,0,18,0,0,0,0,0,4,10,43,49,40,50,69,6,169,75,88,0,0,0,95,0,0,0,0,0,545,550,415,23,381,136,465,457,406,-1163,-1022]} 1. d4 Nf6 2. Nf3 g6 3. g3 Bg7 4. Bg2 O-O 5. c4 d6 6. Nc3 Nc6 7. O-O Bf5 8. Ne1 Qc8 9. e4 Bh3 10. f3 {E62: King's Indian: Fianchetto: 6...c6 and Panno Variation (6...Nc6) without ...a6.} e5 11. d5 Nd4 12. Be3 {White has an edge.} c5 13. dxc6 bxc6 14. Nc2 Bxg2 15. Kxg2 {[#]} Nxc2 $146 ({Predecessor:} 15... d5 16. Nxd4 exd4 17. Bxd4 dxe4 18. Bxf6 Bxf6 19. Nxe4 Bxb2 20. Rb1 Bg7 21. Qa4 Qc7 {0-1 (42) Csom,I (2490)-Malisauskas,V (2490) Debrecen 1992}) 16. Qxc2 Qe6 17. b3 (17. Rad1 {is interesting.} Rfd8 18. Qd3 Bf8 19. b4 a6 20. a4) 17... d5 18. cxd5 cxd5 19. Nxd5 Nxd5 20. exd5 Qxd5 21. Rfd1 Qb7 22. Rac1 Rac8 23. Qd3 h5 24. Bc5 Rfe8 25. Rc4 a6 26. b4 Qb5 27. Qc2 Rcd8 {And now ...Rxd1 would win.} 28. a4 Qb7 29. Bd6 e4 30. Rxe4 Rxe4 31. fxe4 (31. Qxe4 $2 Qxe4 32. fxe4 Be5 $1 $19 {[%mdl 512]}) 31... Qd7 {With the idea ...Be5!} 32. Rd5 $1 Rc8 (32... Qe6 $5 {[%cal Rd8d6]} 33. Qd3 Re8 $14) 33. Bc5 Qe6 34. Qd3 Re8 35. a5 (35. b5 $14 axb5 36. axb5) 35... Kh7 $2 {[#]} (35... h4 $1 $11 {and Black has nothing to worry.}) 36. Rd6 (36. Rd7 $1 $18 {is more deadly.}) 36... Qa2+ $16 37. Qd2 (37. Kh3 $16) 37... Qc4 $11 38. Qd3 ({White should play} 38. Qd5 $11 Qe2+ 39. Kg1) 38... Qa2+ $1 $16 39. Qd2 ({Better is} 39. Kh3 $16) 39... Qc4 $11 40. Qd5 Qe2+ 41. Bf2 Rxe4 $2 {[%mdl 8192]} (41... h4 $11 42. Qxf7 Rf8 43. Qxg6+ Kh8) 42. Qxf7 $18 Rg4 {If Black can now play ...Qe4+ this consolidates a bit.} 43. h3 $2 (43. Re6 $18 Qa2 44. b5 Qd5+ 45. Kh3) 43... Rg5 $2 {[%mdl 8192]} (43... Rxg3+ $1 $11 {and Black stays safe.} 44. Kxg3 Qe5+ {[%mdl 64] Double Attack} 45. Qf4 g5 46. Qxe5 Bxe5+ 47. Kf3 Bxd6) 44. Qf3 $2 (44. h4 $18 Qe4+ 45. Kh2) 44... Qc4 $2 {[%mdl 8192] [#]} (44... Qa2 $16 45. Rxa6 Rf5) 45. Rd7 $1 {Qf6! is the strong threat.} Rf5 46. Qe3 $4 {[%mdl 8192]} (46. Qb7 $18 Kh6 47. Rxg7 Rxf2+ {[%mdl 64] Remove Defender, Decoy} 48. Kxf2 Qd4+ 49. Ke2 Qc4+ 50. Ke3 Qc3+ 51. Ke4 Qc2+ 52. Kf4 Qf2+ 53. Ke4 Qc2+ 54. Kd4 Qf2+ 55. Kc4 Qe2+ 56. Kd5 Qf3+ 57. Kd4 Qf2+ 58. Ke4 Qe2+ 59. Kd5 Qf3+ 60. Kd6 Qf6+ 61. Kc7 Kxg7 62. Qc6 Qe5+ 63. Kb7 Qxg3 64. b5 Qxh3 65. b6) 46... Qc6+ {[%mdl 64] Double Attack. Never resign too early! Accuracy: White = 56%, Black = 66%.} 0-1

[Event "HUN-ch Rapid 2020"]
[Site "Ajka"]
[Date "2020.07.19"]
[Round "13.23"]
[White "Nemeth, Zoltan"]
[Black "Szilagyi, Norbert"]
[Result "1-0"]
[WhiteElo "2210"]
[BlackElo "2214"]
[Annotator "TA"]
[PlyCount "85"]
[EventDate "2020.07.17"]
[EventType "rapid"]
[EventCountry "HUN"]
[SourceTitle "playchess.com"]
[Source "ChessBase"]
[SourceQuality "1"]

{[%evp 9,85,20,19,19,21,16,26,18,32,2,29,1,244,254,247,247,233,234,329,327,324,259,343,338,345,344,341,343,327,342,421,406,504,391,436,435,435,428,554,541,516,534,528,500,652,640,866,610,679,645,750,741,1458,791,29988,757,29957,7029,29960,29965,7832,6110,5410,2428,29982,29982,29983,29984,29984,29985,29985,29981,29981,29982,29982,29983,29983,29984]} 1. c4 b6 2. Nc3 e6 3. b3 Bb7 4. Bb2 f5 5. Nf3 Nf6 6. g3 {A10: English Opening: Unusual Replies for Black.} g6 7. Bg2 Bg7 8. O-O {White has an edge.} O-O 9. d3 d6 {[#]} 10. Re1 $146 ({Predecessor:} 10. Qc2 Qe7 11. Rad1 e5 12. e4 c5 {½-½ (12) Szekely,P (2455)-Schneider Zinner,H (2155) Feldbach 1997}) 10... Nbd7 $2 (10... Qe7 $11) 11. Ng5 $18 Bxg2 12. Nxe6 {[%mdl 64] Double Attack} ({Stronger than} 12. Kxg2 Re8 $11) 12... Qe7 13. Nxf8 Bh3 (13... Bb7 $142) 14. Nxd7 Qxd7 15. Nd5 Rf8 16. Nxf6+ Bxf6 17. Bxf6 Rxf6 18. f4 d5 19. Qc2 d4 20. e3 Rd6 21. e4 fxe4 22. Rxe4 Bf5 23. Re5 c5 24. Rae1 {Black must now prevent Re7.} Re6 25. Rxe6 Bxe6 {[%mdl 4096] Endgame KQR-KQB} 26. Qe2 Kf7 27. Qe5 Qc6 28. Kf2 h5 29. a3 a5 30. Qh8 a4 31. bxa4 Qxa4 32. Qe5 (32. Qh7+ $142 Kf6 {[#]} 33. f5 $1 {[%mdl 512]} Bf7 34. fxg6 Qe8 35. gxf7 Qxf7 36. Qh6+ Qg6 37. Re6+ $1 {[%mdl 576] Skewer, Deflection} Kxe6 38. Qxg6+ Kd7 39. Qxb6) 32... Qc6 {[#]} 33. h3 $1 Qd7 (33... Bxh3 34. Qe7+) 34. Qxe6+ Qxe6 35. Rxe6 Kxe6 {KP-KP} 36. g4 h4 37. Kf3 {White mates.} Kd6 38. Ke4 Ke6 39. a4 Kd6 40. f5 g5 41. f6 Ke6 {[#]} 42. f7 $1 {[%mdl 512]} Kxf7 43. Kf5 {White took control after the opening. Accuracy: White = 81%, Black = 29%.} 1-0

[Event "HUN-ch Rapid 2020"]
[Site "Ajka"]
[Date "2020.07.19"]
[Round "13.24"]
[White "Buzas, Bertalan"]
[Black "Hardicsay, Peter"]
[Result "1/2-1/2"]
[WhiteElo "2258"]
[BlackElo "2205"]
[Annotator "TA"]
[PlyCount "153"]
[EventDate "2020.07.17"]
[EventType "rapid"]
[EventCountry "HUN"]
[SourceTitle "playchess.com"]
[Source "ChessBase"]
[SourceQuality "1"]

{[%evp 13,152,-6,-6,-7,-10,-16,-18,-19,-22,-22,-18,-15,-31,-12,32,36,61,68,64,68,64,73,54,6,10,12,12,0,0,0,32,31,31,28,33,23,24,4,11,6,35,12,91,18,27,27,26,27,28,3,14,6,4,0,88,88,88,81,88,88,90,88,88,64,72,70,96,96,129,120,118,88,318,311,1149,1149,1149,1020,29980,88,88,88,88,88,88,88,88,88,88,88,88,88,88,88,88,0,0,0,0,0,7,0,0,0,7,7,7,7,7,7,7,7,7,7,7,7,7,7,7,7,8,0,0,0,0,0,0,0,0,0,0,0,0,0,0,0,0,0,0,0,0]} 1. d4 d5 2. Nf3 Nf6 3. g3 g6 4. Bg2 Bg7 5. O-O O-O 6. c4 Nc6 7. Ne5 dxc4 8. Nxc6 {D77: Fianchetto Grünfeld: 6 0-0: Replies other than 6...c6.} bxc6 9. Bxc6 Rb8 10. Na3 Bh3 11. Re1 Ng4 12. e3 e5 $1 {[%cal Re5d4] [#]} 13. f3 $146 ({Predecessor:} 13. Bg2 Bxg2 14. Kxg2 f5 15. h3 Qd5+ 16. Qf3 Nf6 17. Qxd5+ Nxd5 18. dxe5 c3 19. Nc4 {0-1 (67) Pascua,H (2368)-Ni,H (2645) Manila 2010}) 13... Nh6 {[%cal Re5d4]} (13... Nxe3 {seems wilder.} 14. Bxe3 exd4 15. Bf2 Qd6 16. Be4 Be6) 14. dxe5 Bxe5 15. Qxd8 Rfxd8 16. Nxc4 Bg7 17. e4 Be6 18. Ne3 (18. Na5 {looks sharper.} Rd3 19. Kg2 Bxb2 20. Rb1 Bxa2 21. Bxh6 Ra3 22. Nb7) 18... Bxb2 19. Rb1 Bxc1 20. Rexc1 Rxb1 21. Rxb1 Bxa2 (21... Rd3 $5 {[%cal Rd3e3]} 22. Nd5 Bxd5 23. exd5 (23. Bxd5 Rxf3 24. Rc1 Ng4 $11) 23... Nf5 $11) 22. Rb7 Rd3 23. Kf2 ({But not} 23. Rxa7 Rxe3 24. Rxa2 Rxf3 $11) 23... Rd2+ 24. Ke1 Rxh2 25. Rxa7 Be6 26. g4 {Hoping for g5.} g5 27. Rxc7 Kf8 (27... Rh1+ $11 {remains equal.} 28. Kf2 Rc1) 28. Ra7 ({White should try} 28. Bd5 $16) 28... Ra2 29. Rb7 Ng8 30. Bd5 Ra1+ 31. Ke2 {Black should prevent Nf5.} Ne7 32. Bxe6 fxe6 $11 {[%mdl 4096] Endgame KRN-KRN} 33. Nc4 h5 (33... h6 $11) 34. gxh5 $16 {aiming for Rb5.} Rh1 35. Rb6 Rxh5 36. Rxe6 Kf7 37. Ra6 Ng6 38. Nd6+ Kf8 39. Ra5 Nf4+ 40. Ke3 Ke7 41. Nf5+ Kf6 42. Ra6+ Ke5 $2 (42... Kf7 $16 43. e5 Rh1) 43. Ne7 $18 Rh2 $2 {[#]} (43... Ng2+ 44. Kf2 Nf4) 44. Ng6+ $1 Nxg6 45. Rxg6 {KR-KR} Rg2 {[#]} 46. Rg8 $2 (46. Rxg5+ $1 {mates} Rxg5 47. f4+ {[%mdl 64] Double Attack} Kf6 48. fxg5+ Kxg5 49. Kd4 Kf6 50. Kd5 Ke7 51. Ke5) 46... Kf6 47. Ra8 Rb2 48. Ra5 Rb8 49. Kf2 Rb1 50. Ra6+ Kf7 51. Kg2 Rd1 52. Rb6 Re1 53. Kf2 Rc1 54. e5 (54. Kg3 $16) 54... Rc5 $11 {The position is equal.} 55. e6+ Kf6 56. Kg3 (56. e7+ $5 Kxe7 57. Ra6 $11) 56... Rc4 57. e7+ Kxe7 58. Rg6 Kf7 59. Rxg5 Kf6 60. Ra5 Rb4 61. Rh5 Kg6 62. Re5 Kf6 63. Re3 Ra4 64. Rb3 Rc4 65. Rb8 Ra4 66. Rf8+ Kg7 67. Rf4 (67. Rc8 {feels hotter.} Kg6 68. Rc5 Kf6 69. Rc6+ Kg5 70. Rc1) 67... Rxf4 68. Kxf4 {KP-K} Kf6 69. Ke4 {Kf4 would kill now.} Ke6 70. f4 Kf6 71. f5 Kf7 72. Ke5 Ke7 73. f6+ Kf7 74. Kf5 Kf8 75. Ke6 $1 {White wants to mate with f7.} Ke8 76. f7+ Kf8 77. Kf6 {Blacks defense is rewarded with a draw. Accuracy: White = 86%, Black = 75%.} 1/2-1/2

[Event "HUN-ch Rapid 2020"]
[Site "Ajka"]
[Date "2020.07.19"]
[Round "13.25"]
[White "Miszler, Levente"]
[Black "Martini, Balazs"]
[Result "0-1"]
[WhiteElo "2287"]
[BlackElo "2339"]
[Annotator "TA"]
[PlyCount "88"]
[EventDate "2020.07.17"]
[EventType "rapid"]
[EventCountry "HUN"]
[SourceTitle "playchess.com"]
[Source "ChessBase"]
[SourceQuality "1"]

{[%evp 16,88,0,1,9,0,0,-22,-20,-30,-23,-18,-14,-20,-15,-23,-8,-28,-23,-89,-81,-88,-85,-83,-49,-70,-41,-59,-16,-13,0,0,298,250,257,249,248,243,231,214,398,397,552,198,173,76,73,73,98,0,13,-322,-300,-312,-296,-343,-343,-5273,-648,-608,-606,-617,-350,-328,-335,-327,-281,-245,-252,-422,-301,-29961,-29957,-5535,-4134]} 1. Nf3 Nf6 2. c4 g6 3. g3 Bg7 4. Bg2 O-O 5. O-O d6 6. Nc3 c6 7. Rb1 a5 8. a3 e5 9. d3 Qe7 {A24: English Opening vs King's Indian: Lines without ...Nc6.} 10. Nd2 Be6 11. b4 axb4 {The position is equal.} 12. axb4 d5 13. b5 {[#]} Rd8 $146 ({Predecessor:} 13... Nbd7 14. Qc2 Rfd8 15. Bb2 Nf8 16. Ra1 d4 17. Nce4 N6d7 18. bxc6 bxc6 19. h4 h6 {½-½ (31) Motzer,H (2004)-Bonanno,A (2142) Porto Mannu 2008}) 14. Qb3 Nbd7 {[%cal Bb8d7,Bd7c5,Bc5a4][%mdl 32]} 15. Bb2 Nc5 16. Qc2 d4 17. Nce4 (17. bxc6 $11 dxc3 18. cxb7) 17... Nfxe4 $17 18. Nxe4 cxb5 19. cxb5 Na4 {And now ...f5 would win.} 20. Ra1 Rdc8 21. Qd2 Qd7 22. Qb4 Nxb2 23. Qxb2 f5 $2 {[%mdl 8192]} (23... Rxa1 $11 {and Black stays safe.} 24. Rxa1 h6) 24. Rxa8 {[%mdl 64] Overworked Piece} Rxa8 25. Nc5 $1 {[%csl LRb7,LRd7][%mdl 64] Double Attack, Discovered Attack} Qe7 26. Nxe6 Qxe6 27. Bxb7 Ra2 $2 (27... Rb8 {might work better.}) 28. Qc1 $18 Rxe2 29. Qc7 $2 (29. Bf3) 29... h5 30. Qd8+ (30. Bc8 $18 {and White stays clearly on top.} Qf7 31. b6) 30... Kh7 $16 31. Bd5 Qf6 32. Qe8 (32. Qxf6 $16 Bxf6 33. Rb1) 32... e4 $11 33. Rc1 $2 {[%mdl 8192] White does not recover from this.} (33. dxe4 $11 d3 34. Qg8+ Kh6 35. exf5 Qxf5 36. Qd8) 33... exd3 $19 34. Qg8+ Kh6 35. Rd1 d2 {Threatens to win with ...Re1+.} 36. Kg2 $2 (36. Bf3 d3 37. Kf1) 36... Qe5 (36... d3 $142 37. Qb8 Qd4 $1 {[%mdl 512]} 38. Qf4+ g5 39. Qxf5 Re5 $1 {[%mdl 576] Double Attack}) 37. Bf3 {[#]} d3 $1 {( -> ...Qd4!)} 38. Qd5 Qe3 39. Bxe2 dxe2 40. Rxd2 Qe8 41. Rxe2 Qxe2 42. Qd7 $2 (42. b6) 42... Qb2 {Strongly threatening ...Bd4.} ({Much less strong is} 42... Qe4+ 43. Kf1 $19) 43. h4 $2 (43. Qe8 $19) 43... Bd4 44. Kh3 Qxf2 {Accuracy: White = 51%, Black = 57%.} 0-1